|
|
|
|
| LEADER |
00000cam a2200000 a 4500 |
| 001 |
vtls008292924 |
| 003 |
SK-MaSNL |
| 005 |
20260302074120.0 |
| 008 |
240318s2004 xr a f pf 000 0 cze |
| 020 |
|
|
|a 8071788481
|
| 035 |
|
|
|a SVKPOKN104401
|
| 040 |
|
|
|a SNK
|b slo
|c SNK
|e AACR2
|
| 041 |
1 |
|
|a cze
|h eng
|
| 044 |
|
|
|a xr
|c CZ
|
| 072 |
|
7 |
|a 159.9
|x Psychológia
|2 konspekt
|
| 080 |
|
|
|a 159.9.072
|2 2001
|
| 080 |
|
|
|a 331.108.37
|2 2001
|
| 080 |
|
|
|a (035)
|2 2001
|
| 080 |
|
|
|a 371.279.5/.6
|2 2001
|
| 100 |
1 |
|
|a Healy, Liam
|4 aut
|9 739344
|
| 240 |
1 |
0 |
|a More how to win at aptitude tests
|l Česky
|
| 245 |
1 |
0 |
|a Psychotesty u přijímacích pohovorů
|c Liam Healy ; [z angl. orig. přel. Jan Foltýn]
|
| 250 |
|
|
|a Vyd. 1.
|
| 260 |
|
|
|a Praha
|b Portál
|c 2004
|
| 300 |
|
|
|a 190 s.
|b ilustr.
|c 21 cm
|
| 650 |
0 |
7 |
|a psychologické testy
|2 SNKPH
|9 71585
|
| 650 |
0 |
7 |
|a prijímacie pohovory
|2 SNKPH
|9 67194
|
| 650 |
0 |
7 |
|a prijímacie skúšky
|2 SNKPH
|9 1229
|
| 650 |
0 |
7 |
|a Psychological Tests
|2 SNKPHeng
|9 350644
|
| 650 |
0 |
7 |
|a Employment interviewing
|2 SNKPHeng
|9 367562
|
| 650 |
0 |
7 |
|a Entrance examinations
|2 SNKPHeng
|9 311635
|
| 655 |
|
7 |
|a testy
|2 SNKPH
|9 70500
|
| 655 |
|
7 |
|a príručky
|2 SNKPH
|9 74364
|
| 655 |
|
7 |
|a Tests
|2 SNKPHeng
|9 303179
|
| 655 |
|
7 |
|a Handbooks, manuals, etc.
|2 SNKPHeng
|9 90964
|
| 700 |
1 |
|
|a Foltýn, Jiří
|4 trl
|9 315236
|
| 919 |
|
|
|a 80-7178-848-1
|
| 958 |
|
|
|a OP
|
| 958 |
|
|
|a CZ
|
| 999 |
|
|
|c 1163748
|d 1165678
|
| 952 |
|
|
|t snkHEA 331.11
|a SNKUST
|b SNKUST
|y PREZ
|7 0
|p 17A0575356
|o snkIC 136123
|i snk2008/1520
|8 4
|g 10.09
|0 0
|1 0
|4 0
|d 2008-01-16
|l 0
|r 2025-05-29 00:00:00
|w 2026-02-24
|